000 00924cam a22002054a 4500
005 20250605164104.0
008 250528s ||||||||||||||||||||||||d
035 _a17658
020 _a9789605464554
040 _aGR-AtMCL
_bgre
_dGR-AtMCL
_eAACR2
245 1 _aΠώς Λειτούργει Πραγματικά το Χρηματιστήριο / Financial Times Guides: Πέμπτη Έκδοση
250 _a
260 _bΠεδίο,
_c2009
300 _a254
520 _aΜια Εισαγωγή στον σύνθετο κόσμο των χρηματοπιστωτικών αγορών. Εισαγωγή, Ο Αντάρτης Επενδυτής, Οι Μετοχές, Τα Ομόλογα, Αξιολόγηση Εταιρειών - Εκδόσεις και Ευκαιρίες, Το Συνάλλαγμα, Τα Παράγωγα.
700 1 _aGough Leo
_93847
942 _cBK
999 _c3060
_d3060